Barcelona Squad 2026 - Estadísticas

Estadísticas generales
  • Esta prueba ha sido intentada 44 veces
  • La puntuación promedio es 18 de 23
Estadísticas de respuestas
Hint Respuesta % Correcto
13 Joan Garcia
100%
10 Lamine Yamal
97%
5 Pau Cubarsi
95%
8 Pedri Gonzalez
95%
11 Raphinha
95%
7 Ferran Torres
92%
1 Marc-Andre Ter Stegen
89%
6 Pablo Gavi
89%
9 Robert Lewandowski
89%
3 Alejandro Balde
84%
4 Ronald Araujo
84%
16 Fermin Lopez
82%
21 Frenkie De Jong
76%
23 Jules Kounde
76%
14 Marcus Rashford
76%
24 Eric Garcia
71%
18 Gerard Martin
71%
17 Marc Casado
68%
20 Daniel Olmo
63%
22 Marc Bernal
63%
25 Szczesny
63%
15 Andreas Christensen
58%
28 Rooney
3%
No se encontraron pruebas coincidentes
Distribución de puntuación
Porcentaje de gente con cada puntuación
Porcentaje por número respondido
Historial de tus puntuaciones
No has intentado esta prueba.